Áreas geográficas y a qué país le pertenecen - Estadísticas

Estadísticas generales
  • Esta prueba ha sido intentada 101 veces
    74 desde el último reinicio
  • La puntuación promedio es 19 de 28
Estadísticas de respuestas
Área País % Correcto
Cataluña España
94%
Misuri Estados Unidos
92%
Chaco Argentina,Paraguay,Bolivia
89%
Ceará Brasil
88%
Baja California México
84%
Baviera Alemania
83%
Bermuda Reino Unido
81%
Bretaña Francia
80%
Lago de Maracaibo Venezuela
78%
Queensland Australia
77%
Manchuria China
77%
Hokkaido Japón
75%
Arequipa Perú
75%
Java Indonesia
73%
Kamchatka Rusia
72%
Sinaí Egipto
69%
Araucanía Chile
67%
Isla de San Andrés Colombia
61%
Bolzano Italia
61%
Luzón Filipinas
56%
Assam India
52%
Ceilán Sri Lanka
50%
Isla del Sur Nueva Zelanda
48%
Sistán Irán
47%
Sarawak Malasia
38%
Cirenaica Libia
31%
Sind Pakistán
30%
Katanga Congo
27%
No se encontraron pruebas coincidentes
Distribución de puntuación
Porcentaje de gente con cada puntuación
Porcentaje por número respondido
Historial de tus puntuaciones
No has intentado esta prueba desde el último reinicio